It looks like you're offline.
Open Library logo
additional options menu

MARC record from Internet Archive

LEADER: 04360cam 2200769 a 4500
001 ocm34513628
003 OCoLC
005 20101209143734.0
008 960305s1996 nyua b 001 0 eng
010 $a 96012576
040 $aDLC$cDLC$dVET$dEL$$dNLGGC$dBTCTA$dYDXCP$dMNY$dTEX$dUKV3G$dBHL
015 $aB9700400
019 $a59585988
020 $a0385476752
020 $a9780385476751
035 $a(OCoLC)34513628$z(OCoLC)59585988
050 00 $aQH501$b.C375 1996
082 00 $a574/.01$220
082 04 $a570.1$222
084 $a42.90$2bcl
084 $a30.30$2bcl
096 $aQH 501 C251 1996
100 1 $aCapra, Fritjof.
245 14 $aThe web of life :$ba new scientific understanding of living systems /$cFritjof Capra.
250 $a1st Anchor Books ed.
260 $aNew York :$bAnchor Books,$c1996.
300 $axv, 347 p. :$bill. ;$c22 cm.
504 $aIncludes bibliographical references (p. [325]-333) and index.
505 0 $aPt. 1. The cultural context -- 1. Deep ecology : a new paradigm -- Pt. 2. The rise of systems thinking -- 2. From the parts to the whole -- 3. Systems theories -- 4. The logic of the mind -- Pt. 3. The pieces of the puzzle -- 5. Models of self-organization -- 6. The mathematics of complexity -- Pt. 4. The nature of life -- 7. A new synthesis -- 8. Dissipative structures -- 9. Self-making -- 10. The unfolding of life -- 11. Bringing forth a world -- 12. Knowing what we know -- Epilogue. Ecological literacy.
520 $aDuring the past twenty-five years, scientists have challenged conventional views of evolution and the organization of living systems and have developed new theories with revolutionary philosophical and social implications. Fritjof Capra has been at the forefront of this revolution. In The Web of Life, Capra offers a brilliant synthesis of such recent scientific breakthroughs as the theory of complexity, Gaia theory, chaos theory, and other explanations of the properties of organisms, social systems, and ecosystems. Capra's surprising findings stand in stark contrast to accepted paradigms of mechanism and Darwinism and provide an extraordinary new foundation for ecological policies that will allow us to build and sustain communities without diminishing the opportunities for future generations.[from the publisher].
650 0 $aLife (Biology)
650 0 $aBiological systems.
650 0 $aSystem theory.
650 2 $aBiological Sciences.
650 2 $aSystems Theory.
650 4 $aSistemas biológicos
650 4 $aTeoría general de sistemas
650 17 $aEcologie.$2gtt
650 17 $aMaatschappij.$2gtt
650 17 $aEthiek.$2gtt
776 08 $iOnline version:$aCapra, Fritjof.$tWeb of life.$b1st Anchor Books ed.$dNew York : Anchor Books, 1996$w(OCoLC)622995500
856 42 $3Publisher description$uhttp://www.loc.gov/catdir/description/random0413/96012576.html
938 $aBaker and Taylor$bBTCP$n96012576
938 $aYBP Library Services$bYANK$n316009
952 $a34513628$zDLC$bLIBRARY OF CONGRESS$dURI$hFull$iLCC$kDDC$nSummary$tContents$u20100913
952 $a125529919$zVXG$bNEW YORK BOTANICAL GARDEN LIBR$hFull$u20100722
952 $a132644939$zJTC$bSHASTA PUB LIBR$hPrepub$iLCC$kDDC$u20100803
952 $a133935831$zRBN$bBROWN UNIV$hFull$iLCC$u20100716
952 $a154977751$zAOW$bAMERICAN PHILOSOPHICAL SOC LIBR$hFull$iLCC$kDDC$u20100724
952 $a188624479$zPAU$bUNIV OF PENNSYLVANIA$hFull$iLCC$kDDC$u20100710
952 $a218224301$zCUY$bUNIV OF CALIFORNIA, BERKELEY$hFull$iLCC$kDDC$u20100721
952 $a275008495$zSTF$bSTANFORD UNIV LIBR$hFull$iLCC$kDDC$u20100802
952 $a370277701$zUBY$bBRIGHAM YOUNG UNIV LIBR$hFull$iLCC$kDDC$u20100802
952 $a477807248$zTEU$bTEMPLE UNIV$hFull$u20100709
952 $a487352982$zN15$bNEW YORK UNIV, GROUP BATCHLOAD$hFull$iLCC$kDDC$u20100723
952 $a487352999$zN15$bNEW YORK UNIV, GROUP BATCHLOAD$hFull$iLCC$kDDC$u20100725
952 $a686551415$zYUS$bYALE UNIV LIBR$hFull$iLCC$kDDC$u20101129
029 1 $aNLGGC$b152819347
029 1 $aYDXCP$b316009
029 1 $aNZ1$b3608859
029 1 $aAU@$b000012279100
029 1 $aUNITY$b082694311
029 1 $aHR0$bG05089860
029 1 $aHEBIS$b054046831
029 1 $aNZ1$b13426048
994 $aZ0$bPMR
948 $hNO HOLDINGS IN PMR - 1405 OTHER HOLDINGS